Trh nemůže fungovat napůl. Finanční restrikce je bolestná, ale nezbytná.
Fiškálna a menová politika by sa mali v budúcom období stať hlavnými nástrojmi usmerňovania ekonomického vývoja. Vytváranie trhových podmienok sťažuje reštriktívnu fiškálnu a menovú politiku. Uvoľnenie reštriktívnej politiky vedie k roztočeniu inflačnej špirály a k zastaveniu transformácie. Na miere...
Salvato in:
| Autore principale: | |
|---|---|
| Natura: | Capitolo di libro |
| Lingua: | ceco |
| Soggetti: | |
| Tags: |
Nessun Tag, puoi essere il primo ad aggiungerne!!
|
MARC
| LEADER | 00000naa a2200000 4500 | ||
|---|---|---|---|
| 001 | r001771 | ||
| 005 | 20230221121016.9 | ||
| 041 | 0 | |a cze | |
| 044 | |a [CS] | ||
| 245 | 1 | 0 | |a Trh nemůže fungovat napůl. |b Finanční restrikce je bolestná, ale nezbytná. |c Věra Kameníčková |
| 520 | |a Fiškálna a menová politika by sa mali v budúcom období stať hlavnými nástrojmi usmerňovania ekonomického vývoja. Vytváranie trhových podmienok sťažuje reštriktívnu fiškálnu a menovú politiku. Uvoľnenie reštriktívnej politiky vedie k roztočeniu inflačnej špirály a k zastaveniu transformácie. Na miere reštriktívnej politiky závisí aj úroveň devízového kurzu a rast cien. Regulácia cien a zásahy štátu nesmú viesť k vytvoreniu hybridu "ani trh, ani plán". | ||
| 610 | 2 | 0 | |a trh |
| 610 | 2 | 0 | |a politika fiškálna |
| 610 | 2 | 0 | |a politika menová |
| 610 | 2 | 0 | |a hospodárstvo trhové |
| 610 | 2 | 0 | |a inflácia |
| 610 | 2 | 0 | |a kurz devízový |
| 610 | 2 | 0 | |a regulácia cenová |
| 100 | 1 | |a Kameníčková, Věra | |